[Event "DEM U12/U12w 2004"]
[Site "Willingen GER"]
[Date "2004.05.31"]
[Round "4"]
[White "Yakovenko, Oleg"]
[Black "Pantusenko, Valeria"]
[Result "1/2-1/2"]
[Termination "normal"]
[Board "34"]
[WhiteElo "1365"]
[BlackElo "1217"]
[PlyCount "70"]
[WhiteFideId "4696000"]
[BlackFideId "4662920"]
[EventCountry "GER"]
[EventRounds "11"]
[EventType "swiss"]
[EventDate "2004.05.29"]

1. e4 e5 2. Nf3 Nc6 3. Bb5 a6 4. Ba4 Nf6 5. O-O b5 6. Bb3 Be7 7. c3 d6 8. Re1
Bg4 9. d3 O-O 10. Bg5 Na5 11. Bc2 c5 12. Nbd2 Nc6 13. h3 Bh5 14. Qe2 Nd7 15.
Bxe7 Qxe7 16. Qe3 f5 17. exf5 Bxf3 18. Qxf3 Rac8 19. Nb3 a5 20. a4 b4 21. Rac1
Kh8 22. d4 c4 23. Nd2 Qf7 24. Ne4 d5 25. Nd6 Qf6 26. Nxc8 e4 27. Qg4 Rxc8 28.
Re3 b3 29. Bd1 Nb6 30. Ra1 Ne7 31. h4 Nxf5 32. Rh3 Rf8 33. Qg5 Qf7 34. Qf4 Qe7
35. Qh2 e3 1/2-1/2

[Event "DEM U12/U12w 2004"]
[Site "Willingen GER"]
[Date "2004.05.31"]
[Round "4"]
[White "Hohmann, Louisa"]
[Black "Falke, Cynthia"]
[Result "1-0"]
[Termination "normal"]
[Board "35"]
[WhiteElo "1339"]
[BlackElo "1197"]
[PlyCount "129"]
[BlackFideId "24600644"]
[EventCountry "GER"]
[EventRounds "11"]
[EventType "swiss"]
[EventDate "2004.05.29"]

1. e4 e5 2. Nf3 Nc6 3. Bc4 Bc5 4. c3 Nf6 5. d4 exd4 6. cxd4 Bb4+ 7. Bd2 Bxd2+
8. Nbxd2 d6 9. O-O Bg4 10. Qe1 Qd7 11. Bb5 O-O 12. d5 a6 13. dxc6 bxc6 14. Bc4
Rfe8 15. Ng5 Be6 16. Bxe6 fxe6 17. f3 h6 18. Nh3 d5 19. e5 Nh7 20. Nb3 Qe7 21.
Nd4 c5 22. Nb3 c4 23. Nd4 Qc5 24. Qc3 Nf8 25. Kh1 Nd7 26. Rfe1 Nb6 27. b3 Nd7
28. Nf4 cxb3 29. Qxc5 Nxc5 30. axb3 g5 31. b4 gxf4 32. bxc5 Kf7 33. Kg1 Reb8
34. Reb1 Rxb1+ 35. Rxb1 a5 36. Ra1 Ke7 37. Nc6+ Kd7 38. Nxa5 Ke8 39. Kf2 Kf7
40. g3 fxg3+ 41. hxg3 Kg6 42. g4 Kg5 43. Kg3 d4 44. Nb3 Rxa1 45. Nxa1 d3 46.
Nb3 c6 47. Nd2 h5 48. gxh5 Kxh5 49. Kf4 Kh4 50. Ke4 Kg3 51. Kxd3 Kf4 52. Kd4
Kf5 53. Nc4 Kf4 54. Na5 Kxf3 55. Nxc6 Kf4 56. Nd8 Kf5 57. c6 Kg6 58. c7 Kg5 59.
c8=Q Kf4 60. Qxe6 Kf3 61. Qf5+ Ke2 62. Qf4 Ke1 63. Qh2 Kd1 64. Kd3 Kc1 65. Qc2#
1-0

[Event "DEM U12/U12w 2004"]
[Site "Willingen GER"]
[Date "2004.05.31"]
[Round "4"]
[White "Frey, Alisa"]
[Black "Kopp, Nico"]
[Result "1-0"]
[Termination "normal"]
[Board "36"]
[WhiteElo "1233"]
[BlackElo "1336"]
[PlyCount "71"]
[WhiteFideId "24634662"]
[BlackFideId "24608092"]
[EventCountry "GER"]
[EventRounds "11"]
[EventType "swiss"]
[EventDate "2004.05.29"]

1. e4 e6 2. d4 d5 3. Nc3 Bb4 4. exd5 exd5 5. Bd3 c5 6. dxc5 Bxc5 7. Bb5+ Nc6 8.
Qxd5 Qxd5 9. Nxd5 Kd8 10. Bf4 Bd7 11. f3 a6 12. Bxc6 Bxc6 13. O-O-O Kc8 14. Ne2
Ne7 15. Nxe7+ Bxe7 16. Nc3 h6 17. Rhe1 Bg5 18. Bxg5 hxg5 19. Nd5 Kb8 20. a3 Ka7
21. Nb4 Bb5 22. b3 a5 23. Nd5 Bc6 24. Re7 Rhf8 25. Nc3 g6 26. Ne4 Bxe4 27. fxe4
Rae8 28. Rdd7 Rxe7 29. Rxe7 Kb6 30. Kb2 Kc6 31. Re5 f6 32. Rxa5 Re8 33. Ra4 b5
34. Ra6+ Kc5 35. Rxf6 Rxe4 36. Rxg6 1-0

[Event "DEM U12/U12w 2004"]
[Site "Willingen GER"]
[Date "2004.05.31"]
[Round "4"]
[White "Knöchel, Sarah"]
[Black "Döring, Julia"]
[Result "0-1"]
[Termination "normal"]
[Board "37"]
[WhiteElo "1211"]
[BlackElo "1321"]
[PlyCount "90"]
[EventCountry "GER"]
[EventRounds "11"]
[EventType "swiss"]
[EventDate "2004.05.29"]

1. e4 c5 2. Nf3 d6 3. Bc4 Nc6 4. O-O g6 5. d3 Bg7 6. Nc3 Nf6 7. Bg5 O-O 8. Qd2
Re8 9. Rfe1 Bg4 10. Qe3 Bxf3 11. Qxf3 Ne5 12. Qe3 Nxc4 13. dxc4 Ng4 14. Qf4 Ne5
15. Rab1 Nxc4 16. Kh1 Qd7 17. Red1 f6 18. Bh6 g5 19. Bxg5 fxg5 20. Qxg5 Ne5 21.
Nd5 Ng6 22. f4 e6 23. Ne3 Qd8 24. Qg3 Qe7 25. c3 Rad8 26. Re1 Qh4 27. f5 Qxg3
28. hxg3 exf5 29. exf5 Ne5 30. g4 Nd3 31. Re2 Bh6 32. Rd1 c4 33. Nxc4 Rxe2 34.
Rxd3 Bf4 35. Kg1 d5 36. Na3 Rxb2 37. c4 d4 38. Nb5 Be3+ 39. Kf1 Rd7 40. Ke1
Rxg2 41. Na3 Rxa2 42. Kd1 Rg7 43. Nc2 Rxg4 44. Nxe3 Rg1+ 45. Nf1 Rxf1# 0-1

[Event "DEM U12/U12w 2004"]
[Site "Willingen GER"]
[Date "2004.05.31"]
[Round "4"]
[White "Kohm, Vanessa"]
[Black "Kammrad, Carolin"]
[Result "1-0"]
[Termination "normal"]
[Board "38"]
[WhiteElo "1315"]
[BlackElo "1177"]
[PlyCount "67"]
[WhiteFideId "4674472"]
[EventCountry "GER"]
[EventRounds "11"]
[EventType "swiss"]
[EventDate "2004.05.29"]

1. e4 e5 2. Nf3 Nc6 3. d4 exd4 4. Nxd4 Nf6 5. Nc3 Bb4 6. f3 Bxc3+ 7. bxc3 h6 8.
Ba3 Ne7 9. Bc4 d6 10. O-O O-O 11. Rb1 Rb8 12. Re1 Re8 13. e5 dxe5 14. Rxe5 Ng6
15. Rxe8+ Nxe8 16. Qe2 c6 17. Nxc6 bxc6 18. Rxb8 Nf4 19. Qe1 Qg5 20. Qxe8+ Kh7
21. Bd3+ f5 22. g3 Nxd3 23. cxd3 Qd2 24. Rxc8 Qd1+ 25. Kf2 Qd2+ 26. Qe2 Qxc3
27. Bb2 Qc5+ 28. d4 Qb6 29. Qc2 Qb5 30. Rxc6 Qd5 31. Rc5 Qxa2 32. Qxf5+ g6 33.
Rc7+ Kg8 34. Qc8# 1-0

[Event "DEM U12/U12w 2004"]
[Site "Willingen GER"]
[Date "2004.05.31"]
[Round "4"]
[White "Schnieber, Jacqueline"]
[Black "Stognief, Ole"]
[Result "1/2-1/2"]
[Termination "normal"]
[Board "40"]
[WhiteElo "1140"]
[BlackElo "1292"]
[PlyCount "141"]
[EventCountry "GER"]
[EventRounds "11"]
[EventType "swiss"]
[EventDate "2004.05.29"]

1. e4 c6 2. d4 d5 3. exd5 cxd5 4. Bd3 Nc6 5. c3 e6 6. Bf4 Bd6 7. Bxd6 Qxd6 8.
Nf3 Nf6 9. O-O O-O 10. Re1 Re8 11. Ne5 b6 12. Nd2 Bb7 13. Qf3 Ne7 14. Qg3 Nf5
15. Qh3 Bc8 16. Re2 Rf8 17. Rf1 a5 18. f4 Ra7 19. g4 Ne7 20. g5 Ne4 21. Nxe4
dxe4 22. Bxe4 Nf5 23. Nc4 Qc7 24. Ne3 Qd7 25. Rg2 Rc7 26. Ng4 Kh8 27. Nf6 gxf6
28. gxf6 Rg8 29. Rxg8+ Kxg8 30. Qg4+ Kf8 31. Bxf5 Qd8 32. Qg7+ Ke8 33. Qg8+ Kd7
34. Qxh7 exf5 35. Qxf5+ Kc6 36. Qe4+ Qd5 37. Qxd5+ Kxd5 38. h4 Ba6 39. Rf2 Rc8
40. h5 Ke6 41. Rh2 Kxf6 42. h6 Rg8+ 43. Kf2 Rh8 44. h7 Bd3 45. d5 Rxh7 46. Rxh7
Bxh7 47. b4 Ke7 48. bxa5 bxa5 49. Ke3 Kd6 50. c4 Kc5 51. f5 Bxf5 52. Kf4 Bd7
53. Ke5 f5 54. a4 f4 55. Kxf4 Bxa4 56. Ke5 Bd7 57. Ke4 a4 58. Kd3 Be8 59. Kc2
Kxc4 60. Kb2 Kxd5 61. Ka3 Kd4 62. Kb2 Kc4 63. Ka3 Bd7 64. Ka2 Kb4 65. Kb2 Be6
66. Kb1 a3 67. Ka1 Kc3 68. Kb1 Kb3 69. Ka1 Ka4 70. Kb1 Kb4 71. Ka1 1/2-1/2

[Event "DEM U12/U12w 2004"]
[Site "Willingen GER"]
[Date "2004.05.31"]
[Round "4"]
[White "Pfefferkorn, Adrian"]
[Black "Eckoldt, Katja"]
[Result "1-0"]
[Termination "normal"]
[Board "41"]
[WhiteElo "1285"]
[BlackElo "1056"]
[PlyCount "51"]
[EventCountry "GER"]
[EventRounds "11"]
[EventType "swiss"]
[EventDate "2004.05.29"]

1. e4 c5 2. Nf3 d6 3. d4 cxd4 4. Nxd4 Nf6 5. Nc3 e5 6. Nf5 Bxf5 7. exf5 Be7 8.
Bg5 O-O 9. Bxf6 Bxf6 10. Bc4 Qc7 11. Qe2 a6 12. O-O-O b5 13. Bd5 Ra7 14. g4 Nc6
15. Bxc6 Qxc6 16. Nd5 Bg5+ 17. Kb1 Be7 18. h4 a5 19. g5 Bd8 20. f6 g6 21. h5 b4
22. Qf3 Qd7 23. Qe4 Qe6 24. hxg6 fxg6 25. Ne7+ Bxe7 26. Rxh7 1-0

[Event "DEM U12/U12w 2004"]
[Site "Willingen GER"]
[Date "2004.05.31"]
[Round "4"]
[White "Hort, Maria"]
[Black "Tantzen, Cedric"]
[Result "1/2-1/2"]
[Termination "normal"]
[Board "42"]
[WhiteElo "1082"]
[BlackElo "1266"]
[PlyCount "44"]
[BlackFideId "24640018"]
[EventCountry "GER"]
[EventRounds "11"]
[EventType "swiss"]
[EventDate "2004.05.29"]

1. e4 e5 2. Nf3 Nc6 3. Bc4 Nf6 4. d3 Bc5 5. O-O d6 6. Nc3 Bg4 7. h3 Bxf3 8.
Qxf3 Nd4 9. Qd1 h6 10. Na4 b5 11. Nxc5 bxc4 12. Na4 cxd3 13. cxd3 O-O 14. Bd2
c5 15. Rc1 Nd7 16. b4 Rc8 17. Qg4 Nf6 18. Qd1 Nd7 19. Re1 Qe7 20. Qg4 Nf6 21.
Qg3 Nh5 22. Qg4 Nf6 1/2-1/2

[Event "DEM U12/U12w 2004"]
[Site "Willingen GER"]
[Date "2004.05.31"]
[Round "4"]
[White "Khitov, Roman"]
[Black "Wolf, Isaak"]
[Result "0-1"]
[Termination "normal"]
[Board "43"]
[WhiteElo "957"]
[BlackElo "1262"]
[PlyCount "50"]
[EventCountry "GER"]
[EventRounds "11"]
[EventType "swiss"]
[EventDate "2004.05.29"]

1. e4 e5 2. Nf3 Nc6 3. d4 exd4 4. Nxd4 Bc5 5. Be3 Qf6 6. c3 Nge7 7. Be2 d5 8.
Bf3 dxe4 9. Bxe4 Bd7 10. O-O O-O-O 11. a3 Bf5 12. Nxf5 Rxd1 13. Nxe7+ Qxe7 14.
Rxd1 Bxe3 15. Bxc6 Bxf2+ 16. Kxf2 Qc5+ 17. Kf1 Qxc6 18. Nd2 Qb5+ 19. Kg1 Qxb2
20. c4 Rd8 21. Ne4 Rxd1+ 22. Rxd1 Qb3 23. h3 Qxd1+ 24. Kh2 Qd4 25. Ng5 Qf4+ 0-1

[Event "DEM U12/U12w 2004"]
[Site "Willingen GER"]
[Date "2004.05.31"]
[Round "4"]
[White "Hinz, Arne"]
[Black "Mätzig, Lara Annabelle"]
[Result "1/2-1/2"]
[Termination "normal"]
[Board "44"]
[WhiteElo "1524"]
[BlackElo "1136"]
[PlyCount "66"]
[WhiteFideId "24634875"]
[EventCountry "GER"]
[EventRounds "11"]
[EventType "swiss"]
[EventDate "2004.05.29"]

1. e4 e5 2. Nf3 Nc6 3. Bb5 d6 4. O-O Bd7 5. Nc3 Nf6 6. d3 Be7 7. Be3 O-O 8. h3
a6 9. Bc4 b5 10. Bb3 Rb8 11. a3 Re8 12. Qe2 Qc8 13. Rfe1 h6 14. Nd2 Rf8 15. Qd1
Kh7 16. f4 exf4 17. Bxf4 Ne5 18. Nf3 Ng6 19. Qd2 Nh5 20. Bh2 c6 21. Rad1 a5 22.
Ne2 a4 23. Ba2 c5 24. e5 dxe5 25. Nxe5 Nxe5 26. Bxe5 Rb6 27. Ng3 Nxg3 28. Bxg3
Bg5 29. Bf4 Bh4 30. Re2 Rg6 31. Kh2 Qc6 32. Rf1 Kg8 33. Rf3 Bc8 1/2-1/2

[Event "DEM U12/U12w 2004"]
[Site "Willingen GER"]
[Date "2004.05.31"]
[Round "4"]
[White "Günnigmann, Manuel"]
[Black "Dietrich, Stefan"]
[Result "1/2-1/2"]
[Termination "normal"]
[Board "45"]
[WhiteElo "1383"]
[BlackElo "1176"]
[PlyCount "32"]
[WhiteFideId "24640360"]
[EventCountry "GER"]
[EventRounds "11"]
[EventType "swiss"]
[EventDate "2004.05.29"]

1. e4 e5 2. Nf3 Nc6 3. Bc4 Bc5 4. d3 Nf6 5. c3 d6 6. b4 Bb6 7. a4 a5 8. b5 Ne7
9. O-O O-O 10. Re1 Ng4 11. d4 Ng6 12. h3 Nf6 13. Qc2 Re8 14. Nbd2 Be6 15. Bxe6
Rxe6 16. d5 Re7 1/2-1/2

[Event "DEM U12/U12w 2004"]
[Site "Willingen GER"]
[Date "2004.05.31"]
[Round "4"]
[White "Rummer, Bärbel"]
[Black "Dürre, Gregor"]
[Result "1/2-1/2"]
[Termination "normal"]
[Board "46"]
[WhiteElo "1054"]
[BlackElo "1370"]
[PlyCount "84"]
[WhiteFideId "12900109"]
[EventCountry "GER"]
[EventRounds "11"]
[EventType "swiss"]
[EventDate "2004.05.29"]

1. e4 c5 2. Nf3 Nc6 3. Bb5 d6 4. Bxc6+ bxc6 5. Nc3 Bg4 6. d3 g6 7. h3 Bxf3 8.
Qxf3 Bg7 9. O-O Nf6 10. Be3 O-O 11. Rfe1 Nd7 12. Qd1 Qb6 13. Rb1 e6 14. Na4 Qc7
15. c4 Rab8 16. Re2 f5 17. exf5 exf5 18. Bf4 Ne5 19. Qc2 Rfe8 20. Rbe1 Re7 21.
b3 Rbe8 22. Re3 Qa5 23. Bg5 Re6 24. Nc3 h6 25. Bf4 g5 26. Bxe5 Bxe5 27. Nd1 Kf7
28. g3 R6e7 29. Kg2 Qd8 30. Qd2 Qb8 31. R1e2 Kg6 32. f4 Bf6 33. Rxe7 Rxe7 34.
Rxe7 Bxe7 35. fxg5 Bxg5 36. Qe2 Qd8 37. Qe6+ Qf6 38. Qe8+ Qf7 39. Qxc6 Qe7 40.
Nc3 Bd2 41. Nd5 Qe2+ 42. Kh1 Qf1+ 1/2-1/2

[Event "DEM U12/U12w 2004"]
[Site "Willingen GER"]
[Date "2004.05.31"]
[Round "4"]
[White "Aslan, Benjamin"]
[Black "Prosch, Julia"]
[Result "1/2-1/2"]
[Termination "normal"]
[Board "47"]
[WhiteElo "1232"]
[BlackElo "1300"]
[PlyCount "81"]
[WhiteFideId "24640298"]
[EventCountry "GER"]
[EventRounds "11"]
[EventType "swiss"]
[EventDate "2004.05.29"]

1. d4 d5 2. c4 e6 3. Nc3 Nf6 4. cxd5 exd5 5. Bg5 Be7 6. e3 h6 7. Bh4 O-O 8. Qc2
Nc6 9. g3 Nb4 10. Qb3 Bf5 11. Rc1 a5 12. Bxf6 Bxf6 13. a3 Nd3+ 14. Bxd3 Bxd3
15. Nxd5 Be4 16. Nxf6+ Qxf6 17. f3 Bxf3 18. Nxf3 Qxf3 19. Rf1 Qe4 20. Rxc7 Qb1+
21. Kf2 Qe4 22. Kg1 a4 23. Qc3 Rae8 24. Rf2 Qb1+ 25. Qc1 Qxc1+ 26. Rxc1 Rxe3
27. Rc4 b5 28. Rb4 Rd8 29. Rf5 Rd3 30. Rbxb5 R3xd4 31. Rb7 R4d7 32. Rxd7 Rxd7
33. Rb5 Rd3 34. Rb4 Rd2 35. h4 Kf8 36. Rb7 g5 37. hxg5 hxg5 38. Rb5 Rc2 39.
Rxg5 Rxb2 40. Ra5 Rb3 41. Rxa4 1/2-1/2

[Event "DEM U12/U12w 2004"]
[Site "Willingen GER"]
[Date "2004.05.31"]
[Round "4"]
[White "Voss, Chantal"]
[Black "Rau, Carla"]
[Result "1-0"]
[Termination "normal"]
[Board "48"]
[WhiteElo "1247"]
[BlackElo "929"]
[PlyCount "113"]
[WhiteFideId "4664906"]
[EventCountry "GER"]
[EventRounds "11"]
[EventType "swiss"]
[EventDate "2004.05.29"]

1. d4 d6 2. c4 g6 3. Nc3 Bg7 4. Nf3 Nf6 5. Bg5 h6 6. Bh4 O-O 7. e3 Nc6 8. Qc2
Bf5 9. e4 Bd7 10. a3 e5 11. d5 Nd4 12. Nxd4 exd4 13. Ne2 c5 14. dxc6 bxc6 15.
Nxd4 c5 16. Nf3 Qa5+ 17. Nd2 Rae8 18. Bd3 Ba4 19. b3 Bc6 20. O-O Re6 21. Ra2
Rfe8 22. Re1 Qc7 23. Bg3 Qb7 24. f3 Nh5 25. Bf2 Nf4 26. Bf1 Bd4 27. Bxd4 cxd4
28. g3 Nh5 29. Qd3 Qb6 30. Rc1 Nf6 31. Rac2 Re5 32. f4 Bxe4 33. Nxe4 Rxe4 34.
Bg2 Re2 35. Rxe2 Rxe2 36. Qxe2 d3+ 37. Qf2 d2 38. Rd1 Qxf2+ 39. Kxf2 Ng4+ 40.
Kg1 Kg7 41. Rxd2 Kf6 42. Rxd6+ Kf5 43. Rd5+ Kf6 44. c5 Ne3 45. Rd3 Nc2 46. a4
Nb4 47. Rd7 Nc6 48. Bxc6 a6 49. Bf3 Ke6 50. Rd1 f6 51. c6 g5 52. c7 gxf4 53.
gxf4 f5 54. c8=Q+ Kf6 55. Rd6+ Ke7 56. Qc7+ Ke8 57. Rd8# 1-0

[Event "DEM U12/U12w 2004"]
[Site "Willingen GER"]
[Date "2004.05.31"]
[Round "4"]
[White "Dannhorn, Anna"]
[Black "Hoffmann, Cara"]
[Result "1/2-1/2"]
[Termination "normal"]
[Board "49"]
[WhiteElo "1085"]
[BlackElo "922"]
[PlyCount "65"]
[EventCountry "GER"]
[EventRounds "11"]
[EventType "swiss"]
[EventDate "2004.05.29"]

1. e4 c5 2. Nf3 d6 3. Bb5+ Bd7 4. Bxd7+ Qxd7 5. O-O Nf6 6. d3 g6 7. Nc3 Bg7 8.
Be3 Nc6 9. h3 O-O 10. Re1 a6 11. a4 Rab8 12. Qd2 b5 13. axb5 axb5 14. Ne2 b4
15. Ng3 Qb7 16. b3 Nd7 17. Rab1 Bc3 18. Qd1 Bxe1 19. Qxe1 Nde5 20. Nh4 Ra8 21.
Bh6 Rfc8 22. Qc1 Nd4 23. Qb2 Ra6 24. f4 Nd7 25. Rc1 Qc7 26. Kh2 Nf6 27. c3 bxc3
28. Qxc3 Qa5 29. Qc4 Ne6 30. Nf3 Rd8 31. f5 Ng7 32. Ng5 Rf8 33. Ne2 1/2-1/2

[Event "DEM U12/U12w 2004"]
[Site "Willingen GER"]
[Date "2004.05.31"]
[Round "4"]
[White "Zuyeva, Lisa"]
[Black "Kroner, Sarah"]
[Result "1-0"]
[Termination "normal"]
[Board "51"]
[WhiteElo "1028"]
[BlackElo "889"]
[PlyCount "61"]
[EventCountry "GER"]
[EventRounds "11"]
[EventType "swiss"]
[EventDate "2004.05.29"]

1. e4 e5 2. Nf3 Nc6 3. Bc4 Bc5 4. O-O d6 5. h3 Qf6 6. Nc3 Qg6 7. Nh4 Qg5 8. Nf5
Nge7 9. d4 Qg6 10. dxc5 Nxf5 11. exf5 Bxf5 12. Qf3 e4 13. Qe3 dxc5 14. Nb5 Nd4
15. Nxc7+ Kd8 16. Nxa8 Nxc2 17. Qd2+ Nd4 18. g4 Bxg4 19. Qg5+ f6 20. Qxg6 hxg6
21. hxg4 Nf3+ 22. Kg2 f5 23. Rd1+ Ke8 24. Bb5+ Kf8 25. Rd8+ Kf7 26. Rxh8 fxg4
27. Bc4+ Kf6 28. Rf8+ Ke7 29. Rf7+ Ke8 30. Nc7+ Kd8 31. Bf4 1-0

[Event "DEM U12/U12w 2004"]
[Site "Willingen GER"]
[Date "2004.06.02"]
[Round "6"]
[White "Huschenbeth, Niclas"]
[Black "Mazarov, Jürgen"]
[Result "1/2-1/2"]
[Termination "normal"]
[Board "1"]
[WhiteElo "2100"]
[BlackElo "1743"]
[PlyCount "42"]
[WhiteFideId "24604747"]
[BlackFideId "24617768"]
[EventCountry "GER"]
[EventRounds "11"]
[EventType "swiss"]
[EventDate "2004.05.29"]

1. e4 e5 2. Nf3 Nf6 3. Nc3 Bb4 4. Nxe5 O-O 5. Be2 Re8 6. Nd3 Bxc3 7. dxc3 Nxe4
8. Nf4 Nc6 9. O-O d6 10. c4 Bf5 11. f3 Nc5 12. b3 Nb4 13. Bd3 Ncxd3 14. Nxd3
Nxd3 15. cxd3 Qf6 16. d4 Re7 17. Bb2 Rae8 18. Qd2 Re2 19. Rfe1 Bd3 20. Rxe2
Rxe2 21. Re1 Qe6 1/2-1/2

[Event "DEM U12/U12w 2004"]
[Site "Willingen GER"]
[Date "2004.06.02"]
[Round "6"]
[White "Zelbel, Patrick"]
[Black "Mihok, Oliver"]
[Result "1-0"]
[Termination "normal"]
[Board "2"]
[WhiteElo "1618"]
[BlackElo "2074"]
[PlyCount "221"]
[WhiteFideId "24624322"]
[BlackFideId "728012"]
[EventCountry "GER"]
[EventRounds "11"]
[EventType "swiss"]
[EventDate "2004.05.29"]

1. e4 c5 2. c3 Nf6 3. e5 Nd5 4. d4 cxd4 5. Nf3 Nc6 6. cxd4 d6 7. exd6 Qxd6 8.
Nc3 Bf5 9. a3 e6 10. Bd3 Bxd3 11. Qxd3 Be7 12. O-O Rd8 13. Be3 h6 14. Qb5 O-O
15. Ne4 Qb8 16. Nc5 Bxc5 17. dxc5 e5 18. Qe2 f5 19. Rad1 Kh8 20. Qc4 Nf6 21.
Nh4 Ne7 22. Qe6 Nfg8 23. Rxd8 Rxd8 24. Nxf5 Nxf5 25. Qxf5 Ne7 26. Qc2 26... Nd5
$11 27. Rd1 Nxe3 28. fxe3 Qc7 29. b4 a6 30. Qe2 Rd7 31. Qg4 Rd8 32. Qf3 Rxd1+
33. Qxd1 Qf7 34. Qd6 e4 35. c6 bxc6 36. Qxc6 Qh5 37. Qa8+ Kh7 38. Qxe4+ Kh8 39.
Qa8+ Kh7 40. Qxa6 Qd1+ 41. Qf1 Qb3 42. Qc1 Qd3 43. a4 Qb3 44. b5 Qxa4 45. Qb1+
Kh8 46. b6 Qe8 47. Qb3 Qe5 48. b7 Qb8 49. Qb6 Kh7 50. Qc6 Qe5 51. Qc2+ g6 52.
Qc8 Qxe3+ 53. Kf1 Qd3+ 54. Ke1 Qe3+ 55. Kd1 Qd3+ 56. Kc1 Qa3+ 57. Kc2 Qa2+ 58.
Kc3 Qa3+ 59. Kc4 Qc1+ 60. Kd5 Qd2+ 61. Ke6 Qe3+ 62. Kd7 Qd4+ 63. Kc7 Qe5+ 64.
Kb6 Qe3+ 65. Qc5 Qb3+ 66. Ka7 Qa4+ 67. Kb8 h5 68. Qc7+ Kh6 69. Kc8 Qe8+ 70. Qd8
Qc6+ 71. Kb8 Qc5 72. h4 Qe5+ 73. Kc8 Qc5+ 74. Qc7 Qf8+ 75. Kd7 Qf7+ 76. Kc6
Qc4+ 77. Kb6 Qb4+ 78. Ka6 Qd4 79. Qa5 Qc4+ 80. Ka7 Qd4+ 81. Ka8 Qe4 82. Qg5+
Kh7 83. Qd8 Qa4+ 84. Kb8 Qg4 85. Qe7+ Kg8 86. Qe8+ Kg7 87. Qc8 Qa4 88. Qc7+ Kh6
89. Kc8 89... Qe8+ { } 90. Qd8 Qc6+ 91. Kb8 Qc3 92. Qg5+ Kh7 93. Qe7+ Kh6 94.
Qf8+ Kh7 95. Qc8 Qa3 96. Qc7+ Kh6 97. Qf4+ Kh7 98. Kc8 Qa6 99. Qc7+ Kh6 100.
Kd8 Qf6+ 101. Qe7 Qd4+ 102. Qd7 Qb6+ 103. Kc8 Qc5+ 104. Qc7 Qf8+ 105. Qd8 Qc5+
106. Qc7 Qf8+ 107. Kd7 Qf7+ 108. Kc8 {Diese Stellung laut Reklamation von
Schwarz dritte Mal entstanden. Zugleich Remisantrag nach FIDE 10.2.} 108...
Qe8+ 109. Qd8 Qc6+ 110. Kb8 Qa4 111. Qh8# 1-0

[Event "DEM U12/U12w 2004"]
[Site "Willingen GER"]
[Date "2004.06.02"]
[Round "6"]
[White "Graf, Felix"]
[Black "Heimann, Andreas"]
[Result "1-0"]
[Termination "normal"]
[Board "3"]
[WhiteElo "2056"]
[BlackElo "1808"]
[PlyCount "145"]
[WhiteFideId "24608904"]
[BlackFideId "24624632"]
[EventCountry "GER"]
[EventRounds "11"]
[EventType "swiss"]
[EventDate "2004.05.29"]

1. d4 Nf6 2. c4 e5 3. dxe5 Ng4 4. Bf4 Nc6 5. Nf3 Bb4+ 6. Nbd2 Qe7 7. e3 Ngxe5
8. Nxe5 Nxe5 9. Be2 O-O 10. O-O d6 11. Nf3 Ng6 12. Bg3 a5 13. Qc2 Bc5 14. Nd4
f5 15. Nb3 Bb6 16. Rae1 Bd7 17. Bf3 Rae8 18. Qd2 a4 19. Nc1 Bc6 20. Bxc6 bxc6
21. Nd3 Qe4 22. Rc1 Ra8 23. Qc2 Ra5 24. Nb4 Qe8 25. Qd2 Ra8 26. Nd3 Ba5 27. Qc2
c5 28. Bf4 Qe4 29. Rfd1 Rfe8 30. Bg3 Re6 31. Nf4 Nxf4 32. Bxf4 Qxc2 33. Rxc2 h6
34. h4 Ree8 35. Rd5 g6 36. Bxh6 Rab8 37. Rd3 Rb4 38. b3 axb3 39. axb3 Rb7 40.
Ra2 Ra8 41. Rd1 Kf7 42. Rda1 Rba7 43. Kf1 Bb6 44. Rxa7 Rxa7 45. Rxa7 Bxa7 46.
Ke2 Bb6 47. Kd3 Ba5 48. e4 Ke6 49. exf5+ Kxf5 50. f3 Be1 51. g4+ Ke6 52. h5
gxh5 53. gxh5 Kf7 54. Ke4 c6 55. Bf4 Ke6 56. h6 Bc3 57. Kd3 Bh8 58. Bd2 Kf5 59.
h7 Kg6 60. Ke4 Kxh7 61. Bf4 Bd4 62. Bxd6 Bf2 63. Kf5 Kg7 64. Ke6 Kg6 65. f4 Bd4
66. f5+ Kg7 67. Be5+ Kf8 68. f6 Bxe5 69. Kxe5 Kf7 70. Kf5 Kf8 71. Ke6 Ke8 72.
Kd6 Kf7 73. Kxc6 1-0

[Event "DEM U12/U12w 2004"]
[Site "Willingen GER"]
[Date "2004.06.02"]
[Round "6"]
[White "Gadschisade, Machmud"]
[Black "Kordts, Florian"]
[Result "1-0"]
[Termination "normal"]
[Board "4"]
[WhiteElo "1605"]
[BlackElo "1669"]
[PlyCount "41"]
[WhiteFideId "4647734"]
[BlackFideId "24626856"]
[EventCountry "GER"]
[EventRounds "11"]
[EventType "swiss"]
[EventDate "2004.05.29"]

1. c4 c5 2. Nc3 Nc6 3. g3 g6 4. Bg2 Bg7 5. e3 e5 6. Nge2 Nge7 7. O-O O-O 8. b3
d6 9. Bb2 f5 10. f4 Be6 11. Na4 e4 12. Bxg7 Kxg7 13. d3 exd3 14. Qxd3 Qc7 15.
Nec3 Nb4 16. Nb5 Qd7 17. Qxd6 Qxd6 18. Nxd6 Nc2 19. Rac1 Nb4 20. Nxc5 Bc8 21.
Nxc8 1-0

[Event "DEM U12/U12w 2004"]
[Site "Willingen GER"]
[Date "2004.06.02"]
[Round "6"]
[White "Dorn, Carina"]
[Black "Kachibadze, Georg"]
[Result "0-1"]
[Termination "normal"]
[Board "5"]
[WhiteElo "1573"]
[BlackElo "1865"]
[PlyCount "64"]
[WhiteFideId "24666335"]
[BlackFideId "24640794"]
[EventCountry "GER"]
[EventRounds "11"]
[EventType "swiss"]
[EventDate "2004.05.29"]

1. d4 d5 2. c4 e6 3. Nc3 Nf6 4. Bg5 Be7 5. cxd5 exd5 6. e3 O-O 7. Bd3 Nbd7 8.
Qc2 c6 9. Nf3 Re8 10. O-O Nf8 11. Rab1 a5 12. a3 Ng6 13. b4 Bd6 14. b5 h6 15.
bxc6 bxc6 16. Bxf6 Qxf6 17. Na4 Bg4 18. Be2 Bxf3 19. Bxf3 Nh4 20. Qxc6 Bxh2+
21. Kxh2 Nxf3+ 22. gxf3 Qxc6 23. Nc5 Rab8 24. Rbc1 Qd6+ 25. Kh1 Rb2 26. Kg2
Rxe3 27. a4 Qg6+ 28. Kh2 Rxf3 29. Nd7 Qg3+ 30. Kh1 Qh3+ 31. Kg1 Rg3+ 32. fxg3
Qg2# 0-1

[Event "DEM U12/U12w 2004"]
[Site "Willingen GER"]
[Date "2004.06.02"]
[Round "6"]
[White "Smolkina, Milana"]
[Black "Tkachuk, Konstantyn"]
[Result "1-0"]
[Termination "normal"]
[Board "6"]
[WhiteElo "1678"]
[BlackElo "1814"]
[PlyCount "148"]
[WhiteFideId "24618780"]
[BlackFideId "24647330"]
[EventCountry "GER"]
[EventRounds "11"]
[EventType "swiss"]
[EventDate "2004.05.29"]

1. e4 e5 2. Nf3 Nc6 3. Bb5 a6 4. Bxc6 dxc6 5. O-O f6 6. d4 Bg4 7. dxe5 Qxd1 8.
Rxd1 fxe5 9. Nbd2 Ne7 10. Re1 Ng6 11. h3 Be6 12. b3 b5 13. Bb2 Bd6 14. Nf1 O-O
15. Re3 h6 16. Ng3 c5 17. h4 h5 18. Ng5 Bg4 19. f3 Bd7 20. Nxh5 Nxh4 21. Rd3
Ng6 22. Rad1 Rad8 23. Kh2 Bc8 24. Nh3 Be7 25. Rxd8 Rxd8 26. Rxd8+ Bxd8 27. Nf2
Bf6 28. Nd3 c4 29. bxc4 bxc4 30. Nb4 Bb7 31. a3 Kf7 32. Kg1 Ke6 33. Nxf6 gxf6
34. g3 Ne7 35. Kf2 c5 36. Na2 Nc6 37. Nc3 Nd4 38. Na4 Kd6 39. c3 Nb3 40. Nb6
Na5 41. Bc1 Bc6 42. Be3 Bb7 43. Na4 Nb3 44. Kg2 Bc8 45. g4 Bd7 46. Nb6 Be6 47.
Na4 Bd7 48. Nb2 Be6 49. Kh3 Ke7 50. Kh4 Bf7 51. g5 fxg5+ 52. Kxg5 Be6 53. f4
exf4 54. Kxf4 Kd6 55. Na4 Bh3 56. e5+ Ke6 57. Bxc5 Nc1 58. Bd6 Nd3+ 59. Ke4
Bg2+ 60. Kd4 Bf1 61. Nc5+ Nxc5 62. Kxc5 Bd3 63. Kb6 Kd5 64. Kxa6 Bf5 65. a4 Kc6
66. Ka7 Bc8 67. a5 Be6 68. Kb8 Kb5 69. Bc7 Bd5 70. Kc8 Be6+ 71. Kd8 Kc6 72. Ke7
Bc8 73. Bb6 Kd5 74. Kf6 74... Ba6 {Der Rest ist wegen fehlerhafter Notation in
der Zeitnotphase nicht rekonstruierbar.} 1-0